000 00785nam a22001697a 4500
003 NUST
082 _a621
100 _a Hamza Ali ,Muhammad
_9119728
245 _aNumerical Investigation of Flow Across Three Side-by-side Co-Rotating Cylinders /
_cMuhammad Hamza Ali
264 _aIslamabad :
_bSMME- NUST;
_c2023.
300 _b Soft Copy
_c30cm.
520 _aFlow across three side by side co rotating cylinders in numerically investigated at Rs= 100 for 0< a < 8 where Re is the Reynolds Number is defined as pU D/u and a is the non dimensional rotation rate defined as wD/U......
650 _aMS Mechanical Engineering
_9119495
700 _aSupervisor : Dr. Adnan Munir
_9119527
856 _uhttp://10.250.8.41:8080/xmlui/handle/123456789/34265
942 _2ddc
_cTHE
999 _c607345
_d607345